Statistics for Complete the Famous Operas

Click here to take the quiz!

General Stats

  • This quiz has been taken 61 times
  • The average score is 14 of 20

Answer Stats

Year Composer Answer % Correct
1786MozartThe Marriage of {Figaro}
96%
1816RossiniThe Barber of {Seville}
96%
1904PucciniMadama {Butterfly}
94%
1843WagnerThe {Flying} Dutchman
94%
1935Gershwin{Porgy} and Bess
85%
1849NicolaiThe Merry {Wives} of Windsor
83%
1905LĂ©harThe Merry {Widow}
72%
1737Rameau{Castor} et Pollux
72%
1762Gluck{Orpheus} and Eurydice
68%
1835Donizetti{Lucia} di Lammermoor
64%
1879SullivanThe Pirates of {Penzance}
64%
1881OffenbachThe Tales of {Hoffmann}
62%
1987Adams{Nixon} in China
62%
1683Purcell{Dido} and Aeneas
58%
1866SmetanaThe Bartered {Bride}
58%
1921ProkofievThe Love for Three {Oranges}
49%
1862VerdiThe Force of {Destiny}
45%
1912R. StraussAriadne auf {Naxos}
45%
1918Bartok{Bluebeard}'s Castle
43%
1642MonteverdiThe {Coronation} of Poppea
38%

Score Distribution

Percentile by Number Answered

Percent of People with Each Score

Your Score History

You have not taken this quiz